| 000 | 00781cab a2200229 4500 | ||
|---|---|---|---|
| 001 | WB2906-52 | ||
| 008 | 090401t1993 xxu||||| |||| 00| 0 eng d | ||
| 035 | _a(Sirsi) u48722 | ||
| 041 | _aeng | ||
| 245 | _aCouncils `drag heels` over asset registers | ||
| 260 | _c1993 | ||
| 350 | _a0 | ||
| 490 |
_aEstates Times _v(1175) 5 February 1993, 2(1) |
||
| 520 | _aA Fuller Peiser survey on local authority asset registers showed that 39% of respondents estimated that property registers would be incomplete in 1995 despite a CIPFA recommended completion date of 1 April 1993. | ||
| 650 | _aASSET REGISTERS | ||
| 650 | _aLOCAL AUTHORITIES | ||
| 650 | _aPROPERTY ASSETS | ||
| 650 | _aREGISTRATION | ||
| 690 | _aPROPERTY LAW AND PRACTICE | ||
| 942 | _n0 | ||
| 948 | _c04/03/1997 | ||
| 999 |
_c30600 _d30600 |
||